| 000 | 00559nam a22001697a 4500 | ||
|---|---|---|---|
| 003 | OSt | ||
| 008 | 260616b |||||||| |||| 00| 0 eng d | ||
| 020 | _a9789358875041 | ||
| 082 |
_a660.6 _bM27I |
||
| 100 | _aMandal , N. | ||
| 245 |
_aIPR, Biosafety and Bioethics : Concepts, Regulations and Applications in Biotechnology/ _bby N. Mandal and S.K. Acharya |
||
| 260 |
_aNew Delhi : _bNew India Publishing Agency, _c2026. |
||
| 300 | _axviii, 248 p. | ||
| 650 | _aChemical Engineering and Related Technologies | ||
| 650 | _aBiotechnology | ||
| 942 |
_2ddc _cBK |
||
| 999 |
_c52121 _d52121 |
||